Firaq gorakhpuri selected poetry (Record no. 152493)

MARC details
000 -LEADER
fixed length control field 00616nam a22002297a 4500
003 - CONTROL NUMBER IDENTIFIER
control field dpl
005 - DATE AND TIME OF LATEST TRANSACTION
control field 20180601143907.0
008 - FIXED-LENGTH DATA ELEMENTS--GENERAL INFORMATION
fixed length control field 180601b xxu||||| |||| 00| 0 eng d
010 ## - LIBRARY OF CONGRESS CONTROL NUMBER
LC control number A-994048
020 ## - INTERNATIONAL STANDARD BOOK NUMBER
Terms of availability 00.00
International Standard Book Number 8120722442
022 ## - INTERNATIONAL STANDARD SERIAL NUMBER
International Standard Serial Number 8120722442
035 ## - SYSTEM CONTROL NUMBER
System control number A-994048
037 ## - SOURCE OF ACQUISITION
Source of stock number/acquisition BPPD/PUB
040 ## - CATALOGING SOURCE
Transcribing agency 0
082 14 - DEWEY DECIMAL CLASSIFICATION NUMBER
Classification number 881
245 1# - TITLE STATEMENT
Title Firaq gorakhpuri selected poetry
Statement of responsibility, etc by k.c. kanda
260 ## - PUBLICATION, DISTRIBUTION, ETC. (IMPRINT)
Place of publication, distribution, etc New Delhi
Name of publisher, distributor, etc A sterling paperback
Date of publication, distribution, etc 2000
270 ## - ADDRESS
Address L-10, green park extension,
City New Delhi
Postal code 110 016
300 ## - PHYSICAL DESCRIPTION
Extent viii,265p.
Dimensions 18 cm ( Hb)
700 1# - ADDED ENTRY--PERSONAL NAME
Personal name k.c. kanda
942 ## - ADDED ENTRY ELEMENTS (KOHA)
Institution code [OBSOLETE] dpl
Koha item type English Books
Call number prefix 881/KAN
Source of classification or shelving scheme Dewey Decimal Classification
Holdings
Withdrawn status Lost status Source of classification or shelving scheme Damaged status Not for loan Collection code Home library Current library Date acquired Source of acquisition Cost, normal purchase price Total Checkouts Barcode Date last seen Cost, replacement price Price effective from Koha item type
    Dewey Decimal Classification     Non-fiction Shahdara Branch Shahdara Branch 01/06/2018 BPPD/PUB 0.00   A-994048 01/06/2018 0.00 01/06/2018 English Books

© Delhi Public Library
Hit Counter
free hit counter